Statistics for NPB 日本プロ野球 2023年の2位記録

Click here to take the quiz!

General Stats

  • This quiz has been taken 30 times
  • The average score is 28 of 57

Answer Stats

記録名2位記録名前参考記録(タイトル獲得者)% Correct
MVP499近本光司653(村上頌樹)
85%
防御率1.98東克樹1.75(村上頌樹)
75%
本塁打31村上宗隆41(岡本和真)
75%
打点93岡本和真103(牧秀悟)
75%
盗塁20中野拓夢28(近本光司)
70%
打率.303近藤健介.307(頓宮裕真)
65%
遊撃手69坂本勇人227(木浪聖也)
65%
二塁手95中野拓夢204(牧秀悟)
65%
一塁手50岡本和真252(大山悠輔)
65%
捕手64坂本誠志郎180(大城卓三)
65%
投手73村上頌樹217(東克樹)
65%
本塁打25万波中正26(近藤健介、浅村栄斗、ポランコ)
65%
勝利12大竹耕太郎、戸郷翔征16(東克樹)
65%
三塁手112岡本和真145(宮﨑敏郎)
65%
安打163岡林勇希164(中野拓夢、牧秀悟)
60%
セーブ33田口麗斗35(岩崎優)
60%
安打149近藤健介163(柳田悠岐)
60%
三塁手131岡本和真140(宮﨑敏郎)
60%
勝率.706戸郷翔征.842(東克樹)
60%
セーブ36益田直也39(松井裕樹)
60%
二塁手107菊池涼介110(中野拓夢)
60%
遊撃手88長岡秀樹157(木浪聖也)
55%
打点85柳田悠岐87(近藤健介)
55%
捕手92若月健矢113(森友哉)
55%
捕手98中村悠平117(坂本誠志郎)
55%
一塁手36オスナ212(大山悠輔)
55%
MVP296近藤健介1311(山本由伸)
50%
出塁率.395宮﨑敏郎.403(大山悠輔)
50%
打率.305西川龍馬.326(宮﨑敏郎)
50%
ホールドポイント39清水昇42(島内颯太郎)
45%
遊撃手19今宮健太226(紅林弘太郎)
45%
防御率2.21髙橋光成1.21(山本由伸)
45%
一塁手9中村晃255(頓宮裕真)
45%
奪三振145髙橋宏斗174(今永昇太)
45%
新人王10森下翔太285(村上頌樹)
45%
外野手133サンタナ298(近本光司)
45%
出塁率.385頓宮裕真.431(近藤健介)
45%
三塁手41安田尚憲185(宗佑磨)
40%
二塁手48外崎修汰191(浅村栄斗)
40%
外野手83秋山翔吾287(近本光司)
40%
指名打者23柳田悠岐206(ポランコ)
40%
奪三振157種市篤暉169(山本由伸)
40%
勝利11平良海馬、山﨑福也16(山本由伸)
40%
遊撃手114紅林弘太郎115(源田壮亮)
40%
二塁手98外崎修汰123(中村奨吾)
35%
投手60伊藤将司126(東克樹)
35%
三塁手35安田尚憲213(宗佑磨)
35%
勝率.714宮城大弥.727(山本由伸)
35%
捕手105甲斐拓也142(若月健矢)
35%
投手1平野佳寿266(山本由伸)
30%
外野手73中川圭太261(近藤健介)
20%
一塁手40頓宮裕真197(中村晃)
20%
盗塁26外崎修汰36(周東佑京、小深田大翔)
20%
新人王20渡辺翔太241(山下舜平太)
20%
外野手95松本剛226(辰己涼介)
20%
投手17小島和哉232(山本由伸)
15%
ホールドポイント33渡辺翔太42(ぺルドモ)
15%

Score Distribution

Percentile by Number Answered

Percent of People with Each Score

Your Score History

You have not taken this quiz